| 000 | 01219camaa22003612i 4500 | ||
|---|---|---|---|
| 001 | 15818490 | ||
| 003 | EG-GICUC | ||
| 005 | 20260514104430.0 | ||
| 008 | 090715s2009 waua jr 001 0 eng d | ||
| 010 | _a 2009932696 | ||
| 020 |
_a9780735626997 _qpbk. |
||
| 020 |
_a0735626995 _qpbk. |
||
| 040 |
_aBTCTA _cBTCTA _dSVP _dYDXCP _dBWX _dTXA _dIBI _dDLC _dEG-GICUC _beng _erda |
||
| 082 | 0 | 0 |
_a005.4/469 _221 _bSt246 |
| 092 | 0 | 4 |
_221 _a005.4/469 _bSt246 |
| 099 | _a005.4/469 St246 | ||
| 100 | 1 |
_aStanek, William R. _eAuthor. |
|
| 245 | 1 | 0 |
_aWindows 7 : _badministrator's pocket consultant / _cWilliam R. Stanek. |
| 264 |
_aRedmond, Wash. : _bMicrosoft Press, _cc2010. |
||
| 300 |
_axxi, 680 p. : _billustration ; _c21 cm. |
||
| 336 |
_atext _btxt _2rdacontent |
||
| 337 |
_aunmediated _bn _2rdamedia |
||
| 338 |
_avolume _bnc _2rdacarrier |
||
| 500 | _aIncludes index. | ||
| 504 | _aBibliography: pages 651-680. | ||
| 541 |
_aوزارة الثقافة ؛ _bالقاهرة ؛ _cإهداء ؛ _d2023. |
||
| 630 | 0 | 0 | _aMicrosoft Windows (Computer file) |
| 650 | 0 |
_aWindows (Computer programs) _2qrmak |
|
| 650 | 0 |
_aOperating systems (Computers) _2qrmak |
|
| 651 | 1 | _2qrmak | |
| 905 | _aSamah | ||
| 942 |
_2ddc _cBK _e21 _n0 |
||
| 999 |
_c180137 _d180137 |
||